000 01135cam a2200349 a 4500
001 2191
003 FISKH
005 20231108153431.0
008 820514s1984 wiua j 000 0 eng
010 _a 82082288
020 _a0307010945 :
020 _a0307601951 (lib. bdg.)
040 _aDLC
_cDLC
_dDLC
_beng
042 _alcac
050 0 0 _aPS3561.O686
_bI15 1984
082 0 0 _a811/.54
_219
100 1 _aKorr, David.
245 1 0 _aI think that it is wonderful :
_bAnd other poems from sesame street /
_cby David Korr ; illustrated by A. Delaney.
260 _aRacine :
_bWestern,
_c1984.
300 _a24 unnumbered pages :
_bcolor illustrations ;
_c21 cm
490 0 _aA Little golden book
505 _aO
520 _aThe Muppets present thirteen poems about happiness, embarrassment, solitude, and imagination.
521 8 _a600
_bLexile estimate
521 8 _aO
_bRaz-Plus
650 0 _aChildren's poetry, American.
650 1 _aPuppets
_xPoetry.
650 1 _aAmerican poetry.
700 1 _aDelaney, A.,
_eillustrator
906 _a7
_bcbc
_corignew
_d2
_eopcn
_f19
_gy-gencatlg
942 _2ddc
_cBK
_n0
999 _c2191
_d2191